Statistics for Name the Gulf or Bay from a Clue

Click here to take the quiz!

General Stats

  • This quiz has been taken 173 times
  • The average score is 11 of 20

Answer Stats

ClueGulf% Correct
Also known as "the Gulf"Persian
93%
Asian bay or the most common tiger subspeciesBengal
89%
Spain makes it southern border, and France its eastern borderBiscay
78%
Canadian bay named for an Englishman, who was the first European to reach itHudson
72%
Where the Deepwater Horizon oil spill took placeMexico
68%
You have to cross this gulf in order to sail from the Red Sea to the Indian OceanAden
62%
The "Bay Area" surrounds itSan Francisco
60%
Makes up the northern end portion of the Baltic SeaBothnia
58%
Large oceanic bay borderd by Maryland and VirginiaChesapeake
56%
Saint Petersburg, Helsinki, and Tallinn all overlook this gulfFinland
55%
Its name, in Great Britain, was a gold coin with a value of twenty-one shillingsGuinea
54%
Canadian bay with the world's highest tidesFundy
54%
Where the North American Colorado River empties intoCalifornia
51%
Is connected to the above via the Strait of HormuzOman
47%
Separates Indochina from the Malay PeninsulaThailand
35%
Gulf in which the U.S. navy was attacked - which brought the U.S. into the Vietnam WarTonkin
34%
Jordan and Israel border the Red Sea through this gulfAqaba
33%
Meets the southern coast of AlaskaAlaska
31%
Major bay located between China and North KoreaKorea
26%
Located west of Australia's Cape YorkCarpentaria
19%

Score Distribution

Percentile by Number Answered

Percent of People with Each Score

Your Score History

You have not taken this quiz